[Event "Romania rapid online op final"]
[Site "Chess.com INT"]
[Date "2020.05.01"]
[Round "7"]
[White "Ciobanu, Aurelian"]
[Black "Pavel, Sebastian Ionut"]
[Result "0-1"]
[WhiteElo "2117"]
[BlackElo "2183"]
[PlyCount "182"]
[EventDate "2020.05.01"]
[EventType "swiss (rapid)"]
[EventRounds "7"]
[EventCountry "ROU"]
[SourceTitle "CBM 196 Extra"]
[Source "ChessBase"]
[SourceDate "2020.07.31"]
[SourceVersion "1"]
[SourceVersionDate "2020.07.31"]
[SourceQuality "1"]

1. e4 c5 2. Nf3 d6 3. d4 cxd4 4. Nxd4 Nf6 5. Nc3 a6 6. Bc4 e6 7. a4 Nbd7 8. 0-0 Nc5 9. Qf3 Be7 10. Rd1 Qc7 11. Bf1 0-0 12. g4 Ne8 13. g5 g6 14. Qg3 Ng7 15. f4 f5 16. exf5 Nxf5 17. Nxf5 gxf5 18. Be3 Bd7 19. Bg2 Bc6 20. Bd4 Ne4 21. Nxe4 Bxe4 22. c3 d5 23. Rd2 Bc5 24. h4 Bxd4+ 25. cxd4 Rac8 26. a5 Qe7 27. Qa3 Qxa3 28. Rxa3 Rc1+ 29. Kf2 Rfc8 30. Bf3 R8c2 31. Re2 Kf8 32. Rb3 Rc7 33. h5 R1c4 34. Rd2 Ra4 35. Rb6 Ke7 36. Be2 Rxa5 37. Rd1 Ra2 38. h6 Kf7 39. Bh5+ Ke7 40. g6 hxg6 41. Bxg6 Rc2+ 42. Ke3 Raxb2 43. Rxb2 Rxb2 44. h7 Rh2 45. Rc1 Kf6 46. Rc8 Rh3+ 47. Kf2 Kxg6 48. h8Q Rxh8 49. Rxh8 Bd3 50. Rb8 b5 51. Rb6 Kh5 52. Rxa6 Kg4 53. Ke3 Bc4 54. Rxe6 b4 55. Rb6 b3 56. Rb4 Kg3 57. Rb8 Kg2 58. Kd2 Kf3 59. Kc3 Kxf4 60. Rc8 Ke4 61. Re8+ Kf3 62. Rc8 f4 63. Rxc4 dxc4 64. d5 Kg2 65. d6 f3 66. d7 f2 67. d8Q f1Q 68. Qg5+ Kh2 69. Qe5+ Kh3 70. Qh5+ Kg3 71. Qg5+ Kf2 72. Qf4+ Kg2 73. Qg4+ Kh2 74. Qd4 Qa1+ 75. Kxc4 Qxd4+ 76. Kxd4 b2 77. Kd3 b1Q+ 78. Kd2 Qg1 79. Ke2 Kg3 80. Kd3 Qe1 81. Kd4 Qe2 82. Kd5 Qe3 83. Kd6 Qe4 84. Kc5 Kf3 85. Kd6 Kf4 86. Kc5 Ke5 87. Kb5 Kd5 88. Kb6 Qc4 89. Kb7 Qc6+ 90. Kb8 Qd7 91. Ka8 Kc6 0-1

[Event "ROM-chT2"]
[Site "Slanic Moldova"]
[Date "2017.10.07"]
[Round "8.1"]
[White "Ciobanu, Aurelian"]
[Black "Shishkin, Vadim"]
[Result "0-1"]
[WhiteElo "2172"]
[BlackElo "2456"]
[PlyCount "72"]
[EventDate "2017.09.30"]
[EventType "team-tourn"]
[EventRounds "9"]
[EventCountry "ROU"]
[SourceTitle "CBM 181 Extra"]
[Source "ChessBase"]
[SourceDate "2017.12.12"]
[SourceVersion "1"]
[SourceVersionDate "2017.12.12"]
[SourceQuality "1"]
[WhiteTeam "Husi"]
[BlackTeam "Resita Muncitorul"]
[WhiteTeamCountry "ROU"]
[BlackTeamCountry "ROU"]

1. e4 c5 2. Nc3 Nc6 3. g3 g6 4. Bg2 Bg7 5. d3 d6 6. Be3 e6 7. Qd2 Rb8 8. Nge2 Nd4 9. Nc1 Ne7 10. Nd1 0-0 11. c3 Ndc6 12. Ne2 b6 13. h4 d5 14. d4 cxd4 15. cxd4 dxe4 16. Bxe4 Bb7 17. h5 Nf5 18. Bxf5 exf5 19. Rh2 Re8 20. hxg6 hxg6 21. Ndc3 Nxd4 22. Nxd4 Bxd4 23. 0-0-0 Bxe3 24. Qxe3 Rxe3 25. Rxd8+ Rxd8 26. fxe3 Rd3 27. Re2 Kg7 28. Nb5 a6 29. Nd4 Kf6 30. Nb3 Kg5 31. Nd2 Kg4 32. Nc4 Kxg3 33. Ne5 Rd5 34. Nxf7 Kf3 35. Re1 Kf2 36. Rd1 Rc5+ 0-1

[Event "Iasi op 3rd"]
[Site "Iasi"]
[Date "2016.06.19"]
[Round "8"]
[White "Bogdan, Dan"]
[Black "Ciobanu, Aurelian"]
[Result "1-0"]
[WhiteElo "2397"]
[BlackElo "2211"]
[PlyCount "77"]
[EventDate "2016.06.13"]
[EventType "swiss"]
[EventRounds "9"]
[EventCountry "ROU"]
[SourceTitle "CBM 173 Extra"]
[Source "ChessBase"]
[SourceDate "2016.08.29"]
[SourceVersion "1"]
[SourceVersionDate "2016.08.29"]
[SourceQuality "1"]

1. d4 g6 2. Nf3 Bg7 3. g3 d6 4. Bg2 Nc6 5. d5 Nb8 6. 0-0 e5 7. dxe6 fxe6 8. c4 Nf6 9. Nc3 0-0 10. e4 Nbd7 11. e5 dxe5 12. Qe2 c6 13. h3 a5 14. Be3 a4 15. Ng5 Qe7 16. Nge4 h6 17. Rfd1 Ne8 18. Rd2 a3 19. b3 Rb8 20. Rad1 Rf7 21. Nd6 Nxd6 22. Rxd6 e4 23. Nxe4 b5 24. c5 g5 25. Rxc6 Ne5 26. Rxc8+ Rxc8 27. Nd6 Rd8 28. Nxf7 Nxf7 29. Rxd8+ Qxd8 30. c6 Be5 31. Qxb5 Qd1+ 32. Kh2 Qc2 33. c7 Bxc7 34. Qe8+ Kg7 35. Qxe6 Qxa2 36. Bd5 Ne5 37. Qe7+ Kg6 38. Be4+ Kh5 39. Qe8+ 1-0

[Event "Eforie Nord op"]
[Site "Eforie Nord"]
[Date "2014.06.27"]
[Round "4"]
[White "Ciobanu, Aurelian"]
[Black "Olinici, Emanuel"]
[Result "1-0"]
[WhiteElo "2217"]
[BlackElo "1861"]
[PlyCount "69"]
[EventDate "2014.06.24"]
[EventType "swiss"]
[EventRounds "11"]
[EventCountry "ROU"]
[SourceTitle "CBM 161 Extra"]
[Source "ChessBase"]
[SourceDate "2014.08.29"]
[SourceVersion "1"]
[SourceVersionDate "2014.08.29"]
[SourceQuality "1"]

1. e4 e5 2. d4 exd4 3. Qxd4 Nc6 4. Qe3 g6 5. Bd2 Bg7 6. Nc3 Nge7 7. 0-0-0 d6 8. Bc4 Rb8 9. h4 h5 10. Nh3 Ne5 11. Bb3 b5 12. Nd5 c5 13. Nxe7 Qxe7 14. Bd5 Be6 15. f4 Bxd5 16. fxe5 Be6 17. exd6 Qxd6 18. Bc3 Bd4 19. Bxd4 cxd4 20. Qxd4 Qxd4 21. Rxd4 Ke7 22. Nf4 Rhd8 23. Rhd1 Rxd4 24. Rxd4 Bg4 25. Kd2 Kf6 26. Ke3 Rc8 27. c3 Rc6 28. Rb4 a6 29. a4 bxa4 30. Rxa4 Ke7 31. Nd5+ Kd7 32. Nb4 Re6 33. Rxa6 Re8 34. Nd5 Kc8 35. Ra8+ 1-0

[Event "ROM-ch"]
[Site "Baile Olanesti"]
[Date "2013.02.21"]
[Round "7"]
[White "Ciobanu, Aurelian"]
[Black "Berescu, Alin Mile"]
[Result "0-1"]
[WhiteElo "2218"]
[BlackElo "2495"]
[PlyCount "54"]
[EventDate "2013.02.16"]
[EventType "swiss"]
[EventRounds "11"]
[EventCountry "ROU"]
[SourceTitle "CBM 153 Extra"]
[Source "ChessBase"]
[SourceDate "2013.04.22"]
[SourceVersion "1"]
[SourceVersionDate "2013.04.22"]
[SourceQuality "1"]

1. e4 e6 2. Nf3 d5 3. e5 c5 4. b4 cxb4 5. a3 Nh6 6. d4 Nf5 7. axb4 Bxb4+ 8. c3 Be7 9. Bd3 Nc6 10. h4 h5 11. Na3 a6 12. Ng5 Ra7 13. Nc2 b5 14. Rb1 Rc7 15. Bd2 Na5 16. Qf3 Nc4 17. Bxf5 Nxd2 18. Kxd2 Bxg5+ 19. hxg5 Qxg5+ 20. Ne3 exf5 21. Qxd5 f4 22. Nd1 0-0 23. Ke1 Be6 24. Qd6 Qxg2 25. Rxh5 Qe4+ 26. Kd2 Qxb1 27. Qxc7 Bb3 0-1

[Event "ROM-ch"]
[Site "Baile Olanesti"]
[Date "2013.02.21"]
[Round "8"]
[White "David, Alexandru Vasile"]
[Black "Ciobanu, Aurelian"]
[Result "1-0"]
[WhiteElo "2067"]
[BlackElo "2218"]
[PlyCount "131"]
[EventDate "2013.02.16"]
[EventType "swiss"]
[EventRounds "11"]
[EventCountry "ROU"]
[SourceTitle "CBM 153 Extra"]
[Source "ChessBase"]
[SourceDate "2013.04.22"]
[SourceVersion "1"]
[SourceVersionDate "2013.04.22"]
[SourceQuality "1"]

1. d4 Nf6 2. Nf3 c5 3. dxc5 Na6 4. a3 Nxc5 5. b4 Na4 6. e3 Ng4 7. Qd4 Nxf2 8. Bc4 f5 9. 0-0 Ng4 10. Ne5 Nxe5 11. Qxe5 e6 12. Rxf5 Nb6 13. Rf4 Nxc4 14. Rxc4 Be7 15. Nc3 d5 16. Rd4 0-0 17. Qg3 Bf6 18. Rd3 Bh4 19. Qe5 Bf6 20. Qg3 Bd7 21. Bb2 Rc8 22. Rad1 Bh4 23. Qe5 Rf5 24. Qd4 Rc4 25. Qxa7 Bf2+ 26. Kh1 Qc7 27. h3 h6 28. Ne2 Rxc2 29. Qd4 Rg5 30. Rc3 Rxc3 31. Bxc3 Bc6 32. Rf1 e5 33. Qc5 Bxe3 34. Rf8+ Kh7 35. Qxe3 d4 36. Qd3+ Rg6 37. Rh8+ Kxh8 38. Qxg6 dxc3 39. Qc2 Qd7 40. Qxc3 Qd1+ 41. Ng1 Qf1 42. Qd2 e4 43. Qe2 Qb1 44. Qf2 Qd3 45. Qf8+ Kh7 46. Qf5+ Kg8 47. Qe6+ Kf8 48. Qf5+ Ke7 49. Qe5+ Kd8 50. Qxg7 e3 51. Qh8+ Kc7 52. Qxh6 Qxa3 53. Qf4+ Kb6 54. Ne2 Ka7 55. Qd4+ Kb8 56. Kh2 Qb3 57. Nf4 Kc8 58. h4 b5 59. h5 Qc4 60. Qxe3 Qxb4 61. Qe6+ Kb7 62. Qf7+ Kb6 63. h6 Qe1 64. Qh5 Be4 65. h7 Qa1 66. h8Q 1-0

[Event "ROM-ch"]
[Site "Baile Olanesti"]
[Date "2013.02.19"]
[Round "5"]
[White "Ciobanu, Aurelian"]
[Black "Grecescu, Gabriel Andrei"]
[Result "0-1"]
[WhiteElo "2218"]
[BlackElo "2391"]
[PlyCount "124"]
[EventDate "2013.02.16"]
[EventType "swiss"]
[EventRounds "11"]
[EventCountry "ROU"]
[SourceTitle "CBM 153 Extra"]
[Source "ChessBase"]
[SourceDate "2013.04.22"]
[SourceVersion "1"]
[SourceVersionDate "2013.04.22"]
[SourceQuality "1"]

1. e4 c5 2. Nf3 Nc6 3. b4 Nxb4 4. c3 Nc6 5. d4 d5 6. exd5 Qxd5 7. Be2 e6 8. c4 Qd8 9. d5 Nb8 10. Bf4 Nf6 11. Nc3 Bd6 12. Bxd6 Qxd6 13. Qa4+ Bd7 14. Qb3 0-0 15. 0-0 b6 16. Rad1 e5 17. Nd2 Na6 18. Bf3 Nc7 19. Nb5 Nxb5 20. cxb5 Rae8 21. Rfe1 Qb8 22. a4 Bf5 23. Qc4 Rd8 24. h3 Ne8 25. Qc3 f6 26. a5 Nd6 27. axb6 axb6 28. Qb3 Qc7 29. Ra1 Ra8 30. Ra6 Rxa6 31. bxa6 b5 32. g4 Bg6 33. Qa3 Ra8 34. Nb3 b4 35. Qa4 Be8 36. Qa1 Qb6 37. Be2 c4 38. Nd2 Rxa6 39. Qc1 Bb5 40. Bxc4 Ra8 41. Bxb5 Qxb5 42. Qc6 Qxc6 43. dxc6 Rc8 44. Rc1 Nb5 45. Rc4 Nd4 46. c7 Kf7 47. Kg2 b3 48. Nf3 Ne6 49. Rb4 Nc5 50. Nd2 Rxc7 51. Nxb3 Nd3 52. Ra4 Rc2 53. Ra7+ Kg6 54. h4 Rxf2+ 55. Kg3 Rb2 56. h5+ Kh6 57. Rb7 e4 58. Kh4 Ne5 59. Rb6 Rg2 60. Nd4 Rxg4+ 61. Kh3 Kxh5 62. Nf5 Kg6 0-1

[Event "ROM-ch"]
[Site "Sarata Monteoru"]
[Date "2012.02.17"]
[Round "6"]
[White "Ciobanu, Aurelian"]
[Black "Toma, Mihail"]
[Result "1-0"]
[WhiteElo "2276"]
[BlackElo "1964"]
[PlyCount "63"]
[EventDate "2012.02.13"]
[EventType "swiss"]
[EventRounds "11"]
[EventCountry "ROU"]
[SourceTitle "CBM 147 Extra"]
[Source "ChessBase"]
[SourceDate "2012.04.24"]
[SourceVersion "1"]
[SourceVersionDate "2012.04.24"]
[SourceQuality "1"]

1. e4 d5 2. exd5 Qxd5 3. Nc3 Qa5 4. Bc4 Nf6 5. d4 c6 6. Nf3 Bf5 7. Bd2 e6 8. Ne5 Nbd7 9. Qe2 Bb4 10. Nd3 0-0-0 11. 0-0 h5 12. Nxb4 Qxb4 13. Nd5 Qxb2 14. Ne7+ Kb8 15. Nxc6+ Ka8 16. Nxd8 Rxd8 17. c3 Ne4 18. Rfd1 Nb6 19. Rab1 Qa3 20. Rb3 Qa4 21. Bd3 Nxd2 22. Rxd2 Bxd3 23. Qxd3 g6 24. Qb5 Qxb5 25. Rxb5 Nc4 26. Re2 a6 27. Rc5 Nd6 28. h3 Rd7 29. d5 b6 30. dxe6 fxe6 31. Rg5 Nb5 32. Rxe6 1-0

[Event "ROM-ch"]
[Site "Sarata Monteoru"]
[Date "2012.02.16"]
[Round "5"]
[White "Craciun, Ovidiu"]
[Black "Ciobanu, Aurelian"]
[Result "1-0"]
[WhiteElo "2060"]
[BlackElo "2276"]
[PlyCount "67"]
[EventDate "2012.02.13"]
[EventType "swiss"]
[EventRounds "11"]
[EventCountry "ROU"]
[SourceTitle "CBM 147 Extra"]
[Source "ChessBase"]
[SourceDate "2012.04.24"]
[SourceVersion "1"]
[SourceVersionDate "2012.04.24"]
[SourceQuality "1"]

1. e4 g6 2. d4 Bg7 3. Nc3 d6 4. f4 a6 5. Be2 b5 6. a3 Nd7 7. Nf3 c5 8. Be3 Bb7 9. e5 Nh6 10. e6 fxe6 11. Ng5 Nf8 12. dxc5 Nf5 13. Bf2 Bxg2 14. Rg1 Bb7 15. Bf3 Qc7 16. Bxb7 Qxb7 17. Qe2 b4 18. axb4 Nd4 19. Bxd4 Bxd4 20. 0-0-0 Qxb4 21. Qe4 Rc8 22. Rxd4 Qxc5 23. Re1 e5 24. fxe5 Nd7 25. Rd5 Qc4 26. exd6 Qxe4 27. Rxe4 e5 28. Rd1 0-0 29. Nd5 Kh8 30. Ne7 Rb8 31. Rh4 Kg7 32. Rxh7+ Kf6 33. Ne4+ Ke6 34. Nxg6 1-0

[Event "ROM-ch"]
[Site "Sarata Monteoru"]
[Date "2012.02.15"]
[Round "3"]
[White "Nevednichy, Vladislav"]
[Black "Ciobanu, Aurelian"]
[Result "1/2-1/2"]
[WhiteElo "2546"]
[BlackElo "2276"]
[PlyCount "76"]
[EventDate "2012.02.13"]
[EventType "swiss"]
[EventRounds "11"]
[EventCountry "ROU"]
[SourceTitle "CBM 147 Extra"]
[Source "ChessBase"]
[SourceDate "2012.04.24"]
[SourceVersion "1"]
[SourceVersionDate "2012.04.24"]
[SourceQuality "1"]

1. e4 g6 2. d4 Bg7 3. Nf3 d6 4. c3 a6 5. Bd3 Nc6 6. 0-0 e5 7. Be3 Nf6 8. h3 0-0 9. Nbd2 Re8 10. Re1 b6 11. a3 Bb7 12. d5 Ne7 13. c4 Nh5 14. Qc2 Bc8 15. b4 f5 16. Bg5 Rf8 17. Nh4 Bf6 18. Bxf6 Rxf6 19. c5 Qf8 20. cxd6 cxd6 21. Qc7 b5 22. a4 bxa4 23. Rxa4 Nf4 24. Bf1 g5 25. Nxf5 Nxf5 26. exf5 Bxf5 27. Rxa6 Rc8 28. Qa5 Bd3 29. Rc6 Ra8 30. Qb6 Nxd5 31. Qb7 Nf4 32. Qb6 Rc8 33. Qa5 Ra8 34. Ra6 Rc8 35. Ne4 Bxe4 36. Rxe4 Nxh3+ 37. gxh3 Rxf2 38. Bg2 Rc1+ 1/2-1/2

[Event "ROM-ch op"]
[Site "Sarata Monteoru"]
[Date "2011.02.19"]
[Round "10"]
[White "Posedaru, Bogdan Stefan"]
[Black "Ciobanu, Aurelian"]
[Result "1-0"]
[WhiteElo "2322"]
[BlackElo "2214"]
[PlyCount "45"]
[EventDate "2011.02.12"]
[EventType "swiss"]
[EventRounds "11"]
[EventCountry "ROU"]
[SourceTitle "CBM 140 Extra"]
[Source "ChessBase"]
[SourceDate "2011.03.01"]
[SourceVersion "1"]
[SourceVersionDate "2011.03.01"]
[SourceQuality "1"]

1. d4 e6 2. c4 f5 3. Nc3 Nf6 4. g3 Bb4 5. Bg2 Ne4 6. Qc2 c5 7. a3 Bxc3+ 8. bxc3 Qa5 9. Nf3 0-0 10. Nd2 d5 11. cxd5 exd5 12. 0-0 Nc6 13. Nb3 Qa4 14. dxc5 Be6 15. Qb2 Bf7 16. Nd4 b6 17. Nxf5 bxc5 18. c4 Nd4 19. Nxd4 cxd4 20. Qxd4 Rac8 21. Bb2 Nf6 22. cxd5 Rc4 23. Qd1 1-0

[Event "ROM-ch"]
[Site "Baile Olanesti"]
[Date "2010.02.03"]
[Round "5"]
[White "Ciobanu, Aurelian"]
[Black "Manolache, Marius"]
[Result "1/2-1/2"]
[WhiteElo "2297"]
[BlackElo "2539"]
[PlyCount "104"]
[EventDate "2010.01.31"]
[EventType "swiss"]
[EventRounds "9"]
[EventCountry "ROU"]
[SourceTitle "CBM 134 Extra"]
[Source "ChessBase"]
[SourceDate "2010.03.03"]
[SourceVersion "1"]
[SourceVersionDate "2010.03.03"]
[SourceQuality "1"]

1. e4 d6 2. d4 Nf6 3. Bd3 g6 4. Nf3 Bg7 5. 0-0 0-0 6. c3 c5 7. h3 Nc6 8. Re1 cxd4 9. cxd4 Nd7 10. Be3 e5 11. dxe5 Ndxe5 12. Nxe5 dxe5 13. Bc5 Re8 14. Bb5 Qg5 15. Bxc6 bxc6 16. Qc1 Qh5 17. Nd2 Be6 18. Be3 Rac8 19. Nf1 h6 20. Bxa7 f5 21. f3 f4 22. Bf2 g5 23. Qc3 Qf7 24. b3 h5 25. Nh2 Red8 26. Rad1 Qb7 27. Rxd8+ Rxd8 28. Rc1 Qa6 29. Qc2 Kf7 30. Nf1 Bf6 31. Nd2 Qe2 32. Nc4 Qxc2 33. Rxc2 g4 34. hxg4 hxg4 35. fxg4 Bxg4 36. Rd2 Rg8 37. Bc5 f3 38. gxf3 Bxf3+ 39. Kf2 Bg4 40. Rd6 Ra8 41. a4 Be6 42. Rxc6 Bxc4 43. bxc4 Rxa4 44. Be3 Ra2+ 45. Kf3 Ra3 46. Ke2 Ra2+ 47. Kd3 Ra3+ 48. Kd2 Ra2+ 49. Kd3 Ra3+ 50. Kd2 Ra2+ 51. Kd3 Ra3+ 52. Kd2 Ra2+ 1/2-1/2

[Event "ROM-ch"]
[Site "Eforie Nord"]
[Date "2009.02.03"]
[Round "4"]
[White "Spanoche, Ion"]
[Black "Ciobanu, Aurelian"]
[Result "0-1"]
[WhiteElo "1923"]
[BlackElo "2194"]
[PlyCount "78"]
[EventDate "2009.01.31"]
[EventType "swiss"]
[EventRounds "9"]
[EventCountry "ROU"]
[SourceTitle "CBM 130 Extra"]
[Source "ChessBase"]
[SourceDate "2009.07.02"]
[SourceVersion "2"]
[SourceVersionDate "2009.07.15"]
[SourceQuality "1"]

1. e4 Nf6 2. e5 Nd5 3. d4 d6 4. c4 Nb6 5. exd6 cxd6 6. Nc3 g6 7. h3 Bg7 8. Nf3 Nc6 9. Be3 Bf5 10. Be2 Qc8 11. 0-0 h6 12. Rc1 0-0 13. Qd2 Kh7 14. b3 e5 15. g4 Bd7 16. dxe5 dxe5 17. c5 Rd8 18. cxb6 Bxg4 19. Qe1 Bxh3 20. Kh2 Qe6 21. Ne4 Kg8 22. Rg1 Bf5 23. Bc4 Qe8 24. Bxh6 Nd4 25. Nfg5 Qf8 26. Nf6+ Kh8 27. Qxe5 Bxh6 28. Bxf7 Bxg5 29. Nh5+ Kh7 30. Bd5 Bxc1 31. Nf6+ Kh6 32. Rxc1 Qd6 33. Ng8+ Kh5 34. Nf6+ Kh4 35. f4 Qxe5 36. fxe5 axb6 37. a4 Rac8 38. Rh1 Rc2+ 39. Kg1+ Kg3 0-1

[Event "Bucharest op"]
[Site "Bucharest"]
[Date "2007.09.??"]
[Round "?"]
[White "Ciobanu, Aurelian"]
[Black "Teodorescu, Anca"]
[Result "1-0"]
[WhiteElo "2234"]
[BlackElo "2040"]
[PlyCount "78"]
[EventDate "2007.09.??"]
[EventType "swiss"]
[EventRounds "9"]
[EventCountry "ROU"]
[SourceTitle "EXT 2010"]
[Source "ChessBase"]
[SourceDate "2010.11.25"]
[SourceVersion "1"]
[SourceVersionDate "2010.11.25"]
[SourceQuality "1"]

1. e4 e5 2. Nf3 Nf6 3. Nxe5 d6 4. Nf3 Nxe4 5. d4 d5 6. Bd3 Bd6 7. 0-0 0-0 8. c4 c6 9. Nc3 Re8 10. h3 Nxc3 11. bxc3 h6 12. c5 Bc7 13. Bd2 Qf6 14. Qb3 b6 15. Rfe1 Be6 16. Ne5 Nd7 17. f4 bxc5 18. Qb7 Nxe5 19. fxe5 Qe7 20. Qxc6 cxd4 21. cxd4 Bb6 22. Be3 Qh4 23. Rad1 Bxd4 24. Bxd4 Qxd4+ 25. Kh1 Qh4 26. Qc5 Rab8 27. Qa3 Rb4 28. Re3 Reb8 29. Rf1 Qg5 30. Rff3 d4 31. Re2 Bd5 32. Rf1 Qh4 33. Kh2 g5 34. Qxa7 g4 35. e6 g3+ 36. Kg1 R4b7 37. exf7+ Bxf7 38. Qc5 Rb2 39. Qf5 Re8 1-0

[Event "Bucharest op"]
[Site "Bucharest"]
[Date "2007.09.??"]
[Round "?"]
[White "Moldovan, Daniel"]
[Black "Ciobanu, Aurelian"]
[Result "1-0"]
[WhiteElo "2435"]
[BlackElo "2234"]
[PlyCount "107"]
[EventDate "2007.09.??"]
[EventType "swiss"]
[EventRounds "9"]
[EventCountry "ROU"]
[SourceTitle "EXT 2010"]
[Source "ChessBase"]
[SourceDate "2010.11.25"]
[SourceVersion "1"]
[SourceVersionDate "2010.11.25"]
[SourceQuality "1"]

1. d4 Nf6 2. Nf3 g6 3. c3 Bg7 4. Bg5 0-0 5. Nbd2 d6 6. e4 h6 7. Bxf6 Bxf6 8. Bc4 c6 9. 0-0 d5 10. Bb3 e6 11. Bc2 Nd7 12. e5 Bg7 13. Qe2 Re8 14. Rfe1 b6 15. h4 Bb7 16. h5 Nf8 17. hxg6 fxg6 18. Nf1 Rc8 19. Bd3 Rc7 20. Qc2 g5 21. Ng3 g4 22. Nh2 Qh4 23. Bg6 Rec8 24. Bh5 c5 25. Rad1 Bc6 26. Bxg4 Be8 27. Qe2 Bg6 28. Bh5 Rf7 29. Bxg6 Nxg6 30. Qh5 Qxh5 31. Nxh5 cxd4 32. Nxg7 Kxg7 33. Rxd4 Rf5 34. Nf3 Kf7 35. Re3 Rg8 36. Kf1 Rc8 37. g3 Rc7 38. Kg2 Kg7 39. Rg4 Re7 40. Nh4 Rg5 41. Rxg5 hxg5 42. Nxg6 Kxg6 43. Rf3 g4 44. Rf6+ Kg5 45. f4+ Kh5 46. Kf2 d4 47. cxd4 Rc7 48. Rxe6 Rc2+ 49. Ke3 Rg2 50. Ke4 Rxg3 51. Kf5 Rd3 52. Re8 Kh4 53. Rg8 Kh5 54. Rg6 1-0

[Event "Bucharest op"]
[Site "Bucharest"]
[Date "2007.09.??"]
[Round "?"]
[White "Turcu, Iulian"]
[Black "Ciobanu, Aurelian"]
[Result "0-1"]
[WhiteElo "1995"]
[BlackElo "2234"]
[PlyCount "78"]
[EventDate "2007.09.??"]
[EventType "swiss"]
[EventRounds "9"]
[EventCountry "ROU"]
[SourceTitle "EXT 2010"]
[Source "ChessBase"]
[SourceDate "2010.11.25"]
[SourceVersion "1"]
[SourceVersionDate "2010.11.25"]
[SourceQuality "1"]

1. d4 Nf6 2. Nf3 g6 3. g3 Bg7 4. Bg2 0-0 5. 0-0 d6 6. c4 Nbd7 7. Nc3 e5 8. dxe5 dxe5 9. Qc2 c6 10. Rd1 Qe7 11. b3 a5 12. e4 Ne8 13. Na4 Nc7 14. c5 Ne6 15. Bh3 Nd4 16. Nxd4 exd4 17. Bxd7 Bxd7 18. Bf4 Bg4 19. Bd6 Bxd1 20. Rxd1 Qe6 21. Bxf8 Rxf8 22. f4 Qg4 23. Kg2 g5 24. h3 Qe6 25. fxg5 Rd8 26. Qd3 Qe5 27. h4 Re8 28. Kf3 Re6 29. Re1 h6 30. gxh6 Bxh6 31. Kg2 Be3 32. Rf1 Rg6 33. Rf3 Kg7 34. a3 Rg4 35. Qc4 f6 36. b4 Qxe4 37. bxa5 f5 38. a6 f4 39. Nc3 Rxg3+ 0-1

[Event "Predeal op"]
[Site "Predeal"]
[Date "2006.08.13"]
[Round "2"]
[White "Murariu, Andrei"]
[Black "Ciobanu, Aurelian"]
[Result "1-0"]
[WhiteElo "2516"]
[BlackElo "2234"]
[PlyCount "63"]
[EventDate "2006.08.12"]
[EventType "swiss"]
[EventRounds "9"]
[EventCountry "ROU"]
[SourceTitle "CBM 113 Extra"]
[Source "ChessBase"]
[SourceDate "2006.09.14"]
[SourceVersion "1"]
[SourceVersionDate "2006.09.14"]
[SourceQuality "1"]

1. e4 e6 2. d4 d5 3. Nd2 Nf6 4. e5 Nfd7 5. Bd3 c5 6. c3 Nc6 7. Ne2 cxd4 8. cxd4 Nb6 9. 0-0 Bd7 10. Nf3 Be7 11. Nf4 a5 12. Nh5 Kf8 13. Ne1 Nb4 14. Qg4 g6 15. Bh6+ Kg8 16. Be2 Be8 17. Nf3 Nd7 18. Qf4 Nc6 19. Bd3 f5 20. exf6 Nxf6 21. Nxf6+ Bxf6 22. Rfe1 Bd7 23. h4 Qe7 24. h5 gxh5 25. Re3 Kf7 26. Ne5+ Ke8 27. Nxd7 Kxd7 28. Rxe6 Kxe6 29. Re1+ Kf7 30. Rxe7+ Kxe7 31. Bf5 Rad8 32. Qe3+ 1-0

[Event "Bucharest-B"]
[Site "Bucharest"]
[Date "2000.??.??"]
[Round "11"]
[White "Breahna, Radu"]
[Black "Ciobanu, Aurelian"]
[Result "1-0"]
[WhiteElo "2369"]
[BlackElo "2290"]
[PlyCount "45"]
[EventDate "2000.03.??"]
[EventType "tourn"]
[EventRounds "11"]
[EventCountry "ROU"]
[EventCategory "2"]
[SourceTitle "EXT 2001"]
[Source "ChessBase"]
[SourceDate "2000.11.22"]
[SourceVersion "1"]
[SourceVersionDate "2000.11.22"]
[SourceQuality "1"]

1. d4 Nf6 2. Bg5 c5 3. Bxf6 gxf6 4. d5 Qb6 5. Qc1 f5 6. g3 d6 7. Nd2 Bg7 8. c3 Nd7 9. Nc4 Qc7 10. a4 Nf6 11. Bg2 Bd7 12. Qe3 e5 13. Nh3 h5 14. f4 e4 15. Qd2 Bxa4 16. Rxa4 b5 17. Ra6 bxc4 18. Nf2 Ke7 19. Nd1 Qb7 20. Rc6 Rhb8 21. Ne3 Qxb2 22. Nxf5+ Kf8 23. Rc8+ 1-0